Zawodnicy Falubazu Zielona Góra w latach 2007-2026 - Statystyki

Ogólne statystyki
  • Ten quiz został rozwiązany 10 razy
    6 od ostatniego zresetowania
  • Średni wynik to 37 z 88
Statystyki odpowiedzi
Hint Odpowiedź % Poprawnych
Dania 2002, 2004-2005, 2019 Nicki Pedersen
100%
Polska 2009–2021 Patryk Dudek
100%
Polska 2024 Piotr Pawlicki
100%
Polska 1991–1994, 2007-2022 Piotr Protasiewicz
100%
Polska 2023-2026 Przemysław Pawlicki
100%
Dania 2026 Villads Pedersen
100%
Polska 2025-2026 Damian Ratajczak
83%
Polska 2026 Dominik Kubera
83%
Polska 2004–2011, 2018 Grzegorz Zengota
83%
Czechy 2020-2022, 2024 Jan Kvech
83%
Polska 2013-2017, 2024-2025 Jarosław Hampel
83%
Dania 2025-2026 Leon Madsen
83%
Słowacja 2019-2020 Martin Vaculik
83%
Dania 2018-2020 Michael Jepsen Jensen
83%
Dania 2013-2014 Mikkel Bech Jensen
83%
Polska 2024-2026 Oskar Hurysz
83%
Dania 2023-2025 Rasmus Jensen
83%
Szwecja 2011-2015 Andreas Jonsson
67%
Łotwa 2026 Andrzej Lebiediew
67%
Szwecja 2006–2010 Fredrik Lindgren
67%
USA 2010-2011 Greg Hancock
67%
Polska 1993–1999, 2006-2009, 2015 Grzegorz Walasek
67%
Szwecja 2008-2009 Ludvig Lindgren
67%
Australia 2021-2022 Max Fricke
67%
Polska 2023-2026 Michał Curzytek
67%
Australia 2024-2026 Mitchell McDiarmid
67%
Ukraina 2010–2016 Aleksandr Łoktajew
50%
Ukraina 2016-2017 Andrij Karpow
50%
Australia 2015 Darcy Ward
50%
Polska 2024 Krzysztof Sadurski
50%
Niemcy 2018-2019 Martin Smolinski
50%
Słowenia 2021 Matej Zagar
50%
Polska 2017-2022 Mateusz Tonder
50%
Polska 2008-2011 Rafał Dobrucki
50%
Australia 2020, 2022-2023 Rohan Tungate
50%
Polska 2012 Rune Holta
50%
Polska 2009–2012, 2014-2015 Adam Strzelec
33%
Polska 2023 Antoni Mencel
33%
Szwecja 2020 Antonio Lindbaeck
33%
Polska 2024-2026 Bartosz Rudolf
33%
USA 2001–2003, 2006-2007 Billy Hamill
33%
Polska 2016-2022 Damian Pawliczak
33%
Polska 2024-2026 Eryk Farański
33%
Australia 2016-2017 Jason Doyle
33%
Szwecja 2011-2013 Jonas Davidsson
33%
Dania 2024-2025 Jonas Knudsen
33%
Polska 2013-2014 Kamil Adamczewski
33%
Polska 2022-2023 Krzysztof Buczkowski
33%
USA 2023 Luke Becker
33%
Polska 2022-2023 Maksym Borowiak
33%
Dania 2007–2010 Niels Kristian Iversen
33%
Polska 2019-2022 Nile Tufft
33%
Polska 2016-2019 Sebastian Niedźwiedź
33%
USA 2026 Slater Lightcap
33%
Wielka Brytania 2025-2026 William Cairns
33%
Polska 2003–2007 Zbigniew Suchecki
33%
Polska 2013 Adrian Gomólski
17%
Polska 2013-2018 Alex Zgardziński
17%
Rosja 2008-2009 Artiom Wodjakow
17%
Szwecja 2024 Daniel Henderson
17%
Polska 2022-2023 Dawid Rempała
17%
Polska 2020-2023 Fabian Ragus
17%
Szwecja 2017-2018 Jacob Thorssell
17%
Polska 2019-2021 Jakub Osyczka
17%
Australia 2016 Justin Sedgmen
17%
Polska 2018 Kacper Gomólski
17%
Polska 2011-2013 Kacper Rogowski
17%
Polska 2022-2023 Kacper Rychliński
17%
Polska 2025-2026 Kacper Witrykus
17%
Dania 2016 Kenni Larsen
17%
Niemcy 2006–2007 Kevin Woelbert
17%
Polska 2015-2016 Krystian Pieszczek
17%
Polska 2012–2016 Krzysztof Jabłoński
17%
Polska 2012 Łukasz Jankowski
17%
Polska 2016-2018 Mateusz Burzyński
17%
Polska 2024 Mateusz Łopuski
17%
Dania 2008 Nicolai Klindt
17%
Polska 2019-2020 Norbert Krakowiak
17%
Polska 2007 Piotr Świderski
17%
Szwecja 2007-2008 Ricky Kling
17%
Szwecja 2007 Sebastian Alden
17%
Rosja 2020 Wiktor Kułakow
17%
Polska 2025 Gracjan Szostak
0%
Polska 2010 Łókasz Sówka
0%
Dania 2018-2019 Mads Hansen
0%
Czechy 2024 Matous Kamenik
0%
Dania 2024 Rune Thorst
0%
Polska 2023 Wiktor Trofimow
0%
Nie znaleziono quizów pasujących do podanych kryteriów
Rozkład punktacji
Procent ludzi z każdym wynikiem
Percentyl według liczby udzielonych odpowiedzi
Twoja historia wyników
Nie rozwiązałeś tego quizu od ostatniego zresetowania